Online Catalogue and eLibrary

Still Waiting: (Record no. 5962)

MARC details
000 -LEADER
fixed length control field 00473nam a22001937a 4500
005 - DATE AND TIME OF LATEST TRANSACTION
control field 20250127052029.0
008 - FIXED-LENGTH DATA ELEMENTS--GENERAL INFORMATION
fixed length control field 250127b |||||||| |||| 00| 0 eng d
082 ## - DDC Classification
DDC Edition Number 6943
Class No. 305.4
Item Number - Author Mark IQB
245 ## - TITLE STATEMENT
Title Still Waiting:
Remainder of title The Call For Women's Rights
260 ## - PUBLICATION, DISTRIBUTION, ETC.
Place of publication, distribution, etc. Lahore
Name of publisher, distributor, etc. Shirkat Gah
Date of publication, distribution, etc. 2009
300 ## - PHYSICAL DESCRIPTION
Extent (e.g. Volumes, Pages etc.) 175 p.,
650 ## - SUBJECT ADDED ENTRY--TOPICAL TERM
Topical term or geographic name entry element Women
650 ## - SUBJECT ADDED ENTRY--TOPICAL TERM
Topical term or geographic name entry element Women's Rights
650 ## - SUBJECT ADDED ENTRY--TOPICAL TERM
Topical term or geographic name entry element Marriage
650 ## - SUBJECT ADDED ENTRY--TOPICAL TERM
Topical term or geographic name entry element Islam
700 ## - ADDED ENTRY--PERSONAL NAME
Personal name Iqbal, S
Relator term (Role) Editor
700 ## - ADDED ENTRY--PERSONAL NAME
Personal name Nazle, A
Relator term (Role) Editor
942 ## - Koha item type (Biblio)
Koha item type Books in Stacks (Lending)
Holdings
Lost status Damaged status Collection code Home library Current library Date acquired Full call number Accession Number Item type
    Lending WERC Library WERC Library 01/27/2025 305.4 IQB 6943 Books in Stacks (Lending)

© WERC Library